| 000 | 01062cim a22002415a 4500 | ||
|---|---|---|---|
| 001 | J100553 | ||
| 008 | 991019s1999 xxk f 000 0 eng d | ||
| 035 | _a(Sirsi) u100553 | ||
| 041 | 0 | _aeng | |
| 050 | 0 | 4 | _a333.3307 $2 18 |
| 100 | 2 | _aLand, Howard | |
| 245 | 0 | 0 |
_aCarving a career through CPD _ba step in the right direction - explained through the practical experiences of employers and employees throughout the chartered surveying profession 1999 _h[sound recording] |
| 260 |
_aLondon _bRICS _c1999 |
||
| 300 |
_a1 _fsound cassette (ca. 60 mins). |
||
| 490 | 0 | _aOwlion Audio Programme | |
| 651 | 4 |
_aUnited Kingdom _y |
|
| 690 | _aCAREERS, EDUCATION AND TRAINING-LIFELONG LEARNING-CONTINUING PROFESSIONAL DEVELOPMENT | ||
| 710 | 2 |
_aCollege of Estate Management _9400 |
|
| 710 | 2 |
_aRoyal Institution of Chartered Surveyors _94900 |
|
| 710 | 2 |
_aRoyal Institution of Chartered Surveyors _bJunior Organisation _91458 |
|
| 856 | 4 | 8 |
_uhttps://194.154.180.3/uhtbin/cgisirsi.exe/0/0/0/1/117/X/ _zAudio Visual materials can only be used in the library. |
| 942 | _n0 | ||
| 999 |
_c85391 _d85391 |
||